Responses for Show #1098 - Wednesday, May 17, 1989

1989 College Championship semifinal game 3.

Contestants

[<< previous game]

David Nieporent, a freshman from Princeton University

Jason Powderly, a senior from Florida State University

Tom Cubbage, a senior from Southern Methodist Univeristy

[next game >>]

Jeopardy! Round responses

THE BUSH INAUGURATION
MYTHOLOGY
GAMES
ROCKS & MINERALS
THE JACKSONS
"A.C."/"D.C."
(Alex: The correct responses will begin with either "A.C." or "D.C.")
    $100 10
Reagan

David
    $100 1
Mercury

David
    $100 6
horseshoes

David
    $100 18
fluorescence

Tom
    $100 12
La Toya Jackson

David
    $100 21
the dog catcher

Tom
    $200 13
Arnold Schwarzenegger

David
    $200 2
Jupiter

David
    $200 7
it

Tom
    $200 19
black

David
    $200 15
the Victory tour

David
    $200 22
an alley cat

Tom
    $300 14
Bush flew that plane in World War II (the one he was shot down in)

Tom
    $300 3
Neptune

David
    $300 8
(David: What is spades?)

clubs

TomDavid
    $300 20
radioactivity

Jason
    $300 28
Diana Ross

Triple Stumper
    $300 23
David Carradine

Tom
    $400 16
Mrs. Sandra Day O'Connor

Jason
    $400 4
Uranus

Tom
    $400 9
(Tom: What is five?)
...
(Alex: Yes, you use the "Free" space.)

four

TomJason
    $400 26
(Alex: Less than a minute to go.)

gneiss

Jason
    $100 29
(Alex: David?)
(David: I can't name it.)
...
[The end-of-round signal sounds.]
[The song was not played going into the break.]

Janet Jackson

David
    $400 24
Amy Carter

Jason
    $500 17
(Jason: That would, who is... Jimmy... Swaggart?)
(David: Who is Pat Robertson?)
(Tom: Who is Falwell?)

Billy Graham

TomJasonDavid
Triple Stumper
    $500 5
Pluto

Tom
    $500 11
Pong

Tom
    $500 27
sienna

David
    $500 25
the Australian crawl

Tom

Scores at the first commercial break (after clue 13):

Tom Jason David
$1,500 $400 $800

Scores at the end of the Jeopardy! Round:

Tom Jason David
$2,500 $1,400 $1,100

Double Jeopardy! Round responses

RULERS
TV OCCUPATIONS
JAPAN
SHORT STORIES
MAMMALS
OXFORD UNIVERSITY
    $200 7
Queen Victoria

Jason
    $200 23
shoes

Jason
    $200 20
Mt. Fuji

David
    $200 11
Mark Twain

Tom
    $200 1
rodents

David
    $200 3
women

Jason
    $400 8
Napoleon

Tom
    $400 25
architect

David
    $400 22
flowers

David
    $400 15
"The Pit and the Pendulum"

David
    $400 2
a killer whale

Tom
    $400 4
Richard Burton

Jason
    $600 12
Austria-Hungary

David
    $600 26
a stunt man

Tom
    $600 28
a samurai

Tom
    $2,000 16
the Headless Horseman (of Sleepy Hollow)

David
    $600 6
an armadillo

David
    $600 5
(Jason: Who is William Pitt?)

William Penn

JasonDavid
    $800 13
Constantine

Tom
    $800 24
How to books

David
    $1,400 29
Shinto

Tom
    $800 19
(John) Steinbeck

David
    $800 17
a rhinoceros

David
    $800 9
Dudley Moore

Jason
    $1000 14
Kaiser Wilhelm (II)

Tom
    $1000 27
(Jason: What is he's an airplane, airlane, [*]?)
(Alex: Tough to say when we get down to less than a minute in the round.)

an airline pilot

Jason
    $1000 30
the Diet

Jason
    $1000 21
"The Metamorphosis"

Tom
    $1000 18
the buffalo (bison)

Tom
    $1000 10
Oscar Wilde

Jason

Scores at the end of the Double Jeopardy! Round:

Tom Jason David
$9,900 $5,600 $8,900

[wagering suggestions for these scores]

Final Jeopardy! Round responses

SPORTS
JasonWhat is New York?
$5,600
DavidWhat is New York?
$3,300
TomWhat is Massachusetts?
$7,901
Massachusetts

Final scores:

Tom Jason David
$17,801 $0 $5,600
Finalist 3rd place: $5,000 2nd place: $5,000

Game dynamics:

Coryat scores:

Tom Jason David
$9,300 $5,600 $7,600
21 R
(including 1 DD),
2 W
13 R,
2 W
22 R
(including 1 DD),
3 W
(including 1 DD)

Combined Coryat: $22,500

[game clues] [game scores] [suggest correction]

Game tape date: 1989-04-09
The J! Archive is created by fans, for fans. Scraping, republication, monetization, and malicious use prohibited; this site may use cookies and collect identifying information. See terms. The Jeopardy! game show and all elements thereof, including but not limited to copyright and trademark thereto, are the property of Jeopardy Productions, Inc. and are protected under law. This website is not affiliated with, sponsored by, or operated by Jeopardy Productions, Inc. Join the discussion at JBoard.tv.